<?xml version="1.0" encoding="UTF-8"?>
<collection xmlns="http://www.loc.gov/MARC21/slim">
 <record>
  <leader>01342nam a2200217Ia 4500</leader>
  <controlfield tag="001">TDMU_16663</controlfield>
  <controlfield tag="008">210410s9999    xx            000 0 und d</controlfield>
  <datafield tag="082" ind1=" " ind2=" ">
   <subfield code="a">923.1597</subfield>
  </datafield>
  <datafield tag="090" ind1=" " ind2=" ">
   <subfield code="b">TR121</subfield>
  </datafield>
  <datafield tag="100" ind1=" " ind2=" ">
   <subfield code="a">Trần, Đình Huỳnh</subfield>
  </datafield>
  <datafield tag="245" ind1=" " ind2="0">
   <subfield code="a">Hồ Chí Minh anh hùng giải phóng dân tộc và danh nhân văn hóa thế giới</subfield>
  </datafield>
  <datafield tag="245" ind1=" " ind2="0">
   <subfield code="c">Trần Đình Huỳnh, Hoàng Chí Bảo, Đặng Quốc Bảo..[và.nh.ng.khác]</subfield>
  </datafield>
  <datafield tag="260" ind1=" " ind2=" ">
   <subfield code="a">Tp. Hồ Chí Minh</subfield>
  </datafield>
  <datafield tag="260" ind1=" " ind2=" ">
   <subfield code="b">Văn nghệ Tp. Hồ Chí Minh</subfield>
  </datafield>
  <datafield tag="260" ind1=" " ind2=" ">
   <subfield code="c">2002</subfield>
  </datafield>
  <datafield tag="300" ind1=" " ind2=" ">
   <subfield code="a">364tr.</subfield>
  </datafield>
  <datafield tag="520" ind1=" " ind2=" ">
   <subfield code="a"> Gồm hai phần: Những mốc son trong hành trình của danh nhân Hồ Chí Minh; Trình bày XI công trình khảo luận về một số vấn đề cơ bản như triết lý Hồ Chí Minh- từ góc nhìn phương pháp, tư tưởng Hồ Chí Minh về vấn đề dân tộc và cách mạng giải phóng dân tộc ở Việt Nam.</subfield>
  </datafield>
  <datafield tag="650" ind1=" " ind2=" ">
   <subfield code="a">Hồ Chí Minh</subfield>
   <subfield code="d">(1890-1969); Danh nhân văn hóa</subfield>
   <subfield code="z">Việt Nam; Anh hùng</subfield>
   <subfield code="x">Giải phóng dân tộc</subfield>
   <subfield code="z">Việt Nam</subfield>
  </datafield>
  <datafield tag="700" ind1=" " ind2=" ">
   <subfield code="a">Đặng, Quốc Bảo</subfield>
  </datafield>
  <datafield tag="856" ind1=" " ind2=" ">
   <subfield code="u">http://lrc.tdmu.edu.vn/opac/search/detail.asp?aID=2&amp;ID=16663</subfield>
  </datafield>
  <datafield tag="980" ind1=" " ind2=" ">
   <subfield code="a">Trung tâm Học liệu Trường Đại học Thủ Dầu Một</subfield>
  </datafield>
 </record>
</collection>
